Central Library OPAC University of Rajshahi

In Quest of Freedom: (Record no. 76047)

MARC details
000 -LEADER
fixed length control field 00701nam a2200229 4500
001 - CONTROL NUMBER
control field 76047
003 - CONTROL NUMBER IDENTIFIER
rucl marc code BD-RjUL
005 - DATE AND TIME OF LATEST TRANSACTION
control field 20211209082800.0
008 - FIXED-LENGTH DATA ELEMENTS--GENERAL INFORMATION
fixed length control field 191016s2011 bg ||||| |||| 00| 0 eng d
020 ## - INTERNATIONAL STANDARD BOOK NUMBER
International Standard Book Number 9847035000856
035 ## - SYSTEM CONTROL NUMBER
System control number (BD-RjUL)
040 ## - CATALOGING SOURCE
Original cataloging agency BD-RjUL
Language of cataloging eng
Transcribing agency BD-RjUL
Modifying agency BD-RjUL
041 ## - LANGUAGE CODE
Language code of text/sound track or separate title eng
082 ## - DEWEY DECIMAL CLASSIFICATION NUMBER
Edition number 23
Classification number 915.8
Author mark and year JAI 2011
100 1# - MAIN ENTRY--PERSONAL NAME
Personal name Jagirdar, Obaid
9 (RLIN) 109873
245 10 - TITLE STATEMENT
Title In Quest of Freedom:
Remainder of title Central Asia /
Statement of responsibility, etc. Obaid Jagirdar ; transcribed by Faruk Aziz Khan
260 ## - PUBLICATION, DISTRIBUTION, ETC. (IMPRINT)
Place of publication, distribution, etc. Dhaka:
Name of publisher, distributor, etc. Ramon Publishers,
Date of publication, distribution, etc. 2011
300 ## - PHYSICAL DESCRIPTION
Pagination 80 p. ;
Size 22 cm
650 ## - SUBJECT ADDED ENTRY--TOPICAL TERM
Topical term or geographic name as entry element Asia, Central -- Description and travel.
9 (RLIN) 233767
700 ## - ADDED ENTRY--PERSONAL NAME
Personal name Khan, Faruk Aziz , transcriber
942 ## - ADDED ENTRY ELEMENTS (KOHA)
Source of classification or shelving scheme Dewey Decimal Classification
Koha item type Books
Holdings
Lost status Source of classification or shelving scheme Damaged status Not for loan Collection code Permanent Location Current Location Shelving location Date acquired Source of acquisition Cost, normal purchase price Total Checkouts Full call number Date last seen Copy number Koha item type
  Dewey Decimal Classification   Not For Loan Non-fiction Central Library, University of Rajshahi Central Library, University of Rajshahi Reading Room 15/01/2012 Sylhet, the Author 200.00   915.8 JAI 2011 16/10/2019 C-1 Books